Food physics : (Record no. 14016)
[ view plain ]
| 000 -LEADER | |
|---|---|
| fixed length control field | 00725cam a22002177a 4500 |
| 003 - CONTROL NUMBER IDENTIFIER | |
| control field | OSt |
| 008 - FIXED-LENGTH DATA ELEMENTS--GENERAL INFORMATION | |
| fixed length control field | 220617b |||||||| |||| 00| 0 eng d |
| 020 ## - INTERNATIONAL STANDARD BOOK NUMBER | |
| ISBN | 9783540341918 (hbk.) |
| 020 ## - INTERNATIONAL STANDARD BOOK NUMBER | |
| ISBN | 3540341919 (hbk.) |
| 082 04 - DEWEY DECIMAL CLASSIFICATION NUMBER | |
| Classification number | 664.00153 |
| 100 1# - MAIN ENTRY--AUTHOR NAME | |
| Personal name | Figura, Ludger O. |
| 245 10 - TITLE STATEMENT | |
| Title | Food physics : |
| 260 ## - PUBLICATION, DISTRIBUTION, ETC. (IMPRINT) | |
| Place of publication | Berlin ; |
| -- | New York : |
| Name of publisher | Springer, |
| Year of publication | c2007. |
| 300 ## - PHYSICAL DESCRIPTION | |
| Number of Pages | xv, 550 p. : |
| Other physical details | ill. ; |
| 500 ## - GENERAL NOTE | |
| General note | "...primarily an English translation of the recent German text Lebensmittelphysik by Figura, published by Springer in 2004"--P. viii. |
| 650 #0 - SUBJECT ADDED ENTRY--TOPICAL TERM | |
| Topical Term | Food |
| 650 #0 - SUBJECT ADDED ENTRY--TOPICAL TERM | |
| Topical Term | Food |
| 700 1# - ADDED ENTRY--PERSONAL NAME | |
| Personal name | Teixeira, Arthur A., |
| 856 ## - ELECTRONIC LOCATION AND ACCESS | |
| Uniform Resource Identifier | <a href="https://link.springer.com/content/pdf/bfm%3A978-3-540-34194-9%2F1.pdf">https://link.springer.com/content/pdf/bfm%3A978-3-540-34194-9%2F1.pdf</a> |
| 942 ## - ADDED ENTRY ELEMENTS (KOHA) | |
| Koha item type | Books |
| Withdrawn status | Lost status | Damaged status | Collection code | Home library | Current library | Shelving location | Date acquired | Source of acquisition | Full call number | Accession Number | Koha item type | Cost, normal purchase price |
|---|---|---|---|---|---|---|---|---|---|---|---|---|
| Reference | KAUAET | KAUAET | Reference1 | 30/03/2013 | Univeral Reserch books, Trichur | 664.00153 FIG/FO | 23938 | Reference | ||||
| KAUAET | KAUAET | 31/03/2022 | 664.00153 FIG/FO | 26066 | Books | 7015.12 |
